000 01423nam a22003857a 4500
003 CHAP
005 20220329135854.0
008 971013s1995 r 00010 d
010 _a43617
011 _a44589
035 _a48727
040 _cCHAP
090 _aTesis
100 0 0 _aSánchez Huerta, José Santiago.
_9107625
245 _aEstudio de factibilidad industrial en el ejido Definitivo Vencedores, municipio de San Dimas, Dgo.
260 _aChapingo, Méx. :
_bEl autor,
_c1995
300 _a138 h.
502 _aTesis (Ing. Forestal con Orientación en Economía y Ordenación) -- UACH. División de Ciencias Forestales
590 _aALEPH
_b10
_c20130110
_lUCH01
_h1312
590 _aBATCH-UPD
_b10
_c20130109
_lUCH01
_h2334
590 _aBATCH-UPD
_b10
_c20130110
_lUCH01
_h2012
590 _aBATCH-UPD
_b10
_c20130409
_lUCH01
_h1901
590 _aBATCH-UPD
_b10
_c20130914
_lUCH01
_h0417
590 _aCONVERSION
_b10
_c20130109
_lUCH01
_h1324
650 1 4 _aAserraderos.
_97892
650 1 4 _aEjido Definitivo Vencedores San Dimas, Dgo.
_935881
650 1 4 _aEjidos forestales
_zDurango.
_936053
650 1 4 _aIndustria maderera
_xDurango.
_957881
650 1 4 _aIndustrias forestales
_zDurango.
_958004
650 1 4 _aRecursos forestales
_zDurango.
_995074
901 _aBK
942 _cFOLL
949 _bBC
_cTES
_d-110195
_eTS1
_h28064
_i48727
_si
949 _bBC
_cTES
_d33724000005625
_eTS2
_fc.2
_h28065
_i48727
_si
999 _c43617
_d43617